000 01060cam a2200289 i 4500
001 61962
005 20180714063815.0
008 150112s2002 mx r 000 0 spa d
020 _a9682323703
040 _aMX-PuUPA
_bspa
_erda
_cMx-PuUPA
_dMx-PuUPA
041 _aspa
_aeng
082 0 _a222.1092
_bBER
100 1 _aBernstein, Richard J.
_q(Jacob)
_d1932-
_eautor
240 1 0 _aFreud and the legacy of moses.
_lEspañol
245 1 0 _aFreud y el legado de Moisés /
_cpor Richard J. Bernstein ; traducción de Enrique Mercado.
250 _aPrimera edición
264 1 _aMéxico, D.F. :
_bSiglo xxi Editores,
_c2002
300 _a167 páginas ;
_c21 cm.
336 _atexto
_2rdacontent
337 _asin mediación
_2rdamedia
338 _avolumen
_2rdacarrier
490 0 _aFilosofía
600 1 4 _aFreud, Sigmund, 1856-1939
_xReligión
650 4 _aPsicoanálisis y religión
700 1 _aMercado, Enrique,
_etraductor
700 1 _iTraducción de (obra) :
_aBernstein, Richard J.
_q(Jacob),
_d1932-
_tFreud and the legacy of moses.
999 _c61962
_d61962